|
|
|
|
| LEADER |
01089ncm a22002532a 4500 |
| 001 |
000277668 |
| 003 |
CZ BrMZK |
| 005 |
20120330140246.0 |
| 007 |
qu |
| 008 |
980105s1910 gw f lat d |
| 040 |
|
|
|a BOA001
|b cze
|
| 072 |
|
7 |
|a 783
|x Církevní hudba. Duchovní hudba. Náboženská hudba
|2 Konspekt
|9 9
|
| 100 |
1 |
|
|a Victoria, Tomás Luis de,
|d asi 1548-1611
|7 js20031110003
|4 cmp
|
| 245 |
1 |
0 |
|a Improperia
|h [hudebnina] :
|b Popule meus /
|c Ludovico da Vittoria ; für den praktischen Gebrauch bearbeitet von Carl Thiel
|
| 260 |
|
|
|a Berlin :
|b W. Sulzbach,
|c [1910?]
|
| 300 |
|
|
|a 3 s.
|
| 490 |
1 |
|
|a Auswahl hervorragender Meisterwerke des a Capella-Stils aus dem 16., 17. und 18. Jahrhundert. Bd. 2, Motetten ;
|v Nr. 5
|
| 500 |
|
|
|a Smíšený sbor
|
| 700 |
1 |
|
|a Thiel, Carl,
|d 1862-1939
|7 xx0064048
|4 arr
|
| 830 |
|
0 |
|a Auswahl hervorragender Meisterwerke des A Capella-Stils aus dem 16., 17. und 18. Jahrhundert
|
| 910 |
|
|
|a BOA001
|b Mus4-0325.007
|
| 990 |
|
|
|a MU
|
| 991 |
|
|
|b 201203
|
| 996 |
6 |
|
|b 2619874812
|c Mus4-0325.007
|l MZK
|r Sklad / do 1 hodiny
|n 4
|w 000277668
|u 000010
|a 1
|e BOA001
|j MZK50
|s P
|